000
00316nam a22001457a 4500
003
SGT
020
_a
9788126330720
082
_a
070
_b
H11M
100
_a
MISHR, KRISHN BIHARI
245
_a
HINDI PATRAKARITA
260
_b
BHARTIYA GYAN VIDYAPEETH
_c
2011
300
_a
558
650
_a
JOURNALISM
942
_2
ddc
_c
BK
999
_c
28385
_d
28385